000 01201nam a22002177a 4500
999 _c1711
_d1711
003 CoMeUDC
005 20230518154923.0
008 230518b ||||| |||| 00| 0 eng d
020 _a9681807197
040 _cCO-UdeC
_dCO-UdeC
_eAARC
_eISBD
082 _a519.5
_bD184
100 _92369
_aDaniel, Wayne W.
_eProfesor asociado de Métodos Cuantitativos de la Universidad Estatal de Georgia.
245 _aBioestadística :
_bBase para el análisis de las Ciencias de la Salud /
_cWayne W. Daniel.
260 _aMéxico :
_bEditorial Limusa,
_c1979.
300 _a485 p. ;
_c24 cm.
504 _aOrganización y su resumen de los datos -- Algunos conceptos básicos de probabilidad -- Distribuciones de probabilidad -- Algunas distribuciones muestrales importantes -- Estimación -- Pruebas de hipótesis -- Análisis de variancia -- Regresión y correlación lineales simples -- Regresión y correlación múltiples -- La distribución ji-cuadrada y el análisis de frecuencias -- Estadísticas no-parametricas y a libre distribución -- Datos demográficos
546 _aEspañol.
650 0 _91429
_aEstadísticas
_xCiencias de la salud
650 0 _92370
_aBioestadística
942 _2ddc
_cBK